LDR 01604naa#a2200181#i#450# 001 RU\\bibl\122350 005 20260430203955.4 011 ## _a2307-7476 100 ## _a20260410b2026####ek#y0rusy0150####ca 102 ## _aRU 200 1# _aВЫБОР РАЦИОНАЛЬНОГО СПОСОБА ЭВАКУАЦИИ ПОСТРАДАВШЕГО НАСЕЛЕНИЯ В ПУНКТЫ ВРЕМЕННОГО РАЗМЕЩЕНИЯ В УСЛОВИЯХ ВЕДЕНИЯ ВОЕННЫХ КОНФЛИКТОВ _eЖурнальная статья 210 1# _aСанкт-Петербург _cСанкт-Петербургский университет Государственной противопожарной службы Министерства Российской Федерации по делам гражданской обороны, чрезвычайным ситуациям и ликвидации последствий стихийных бедствий имени Героя Российской Федерации генерала армии Е.Н. Зиничева _d2026 215 ## _a11 с. 608 ## _aЖурнальная статья _2local 675 ## _aИсследование поведения объекта на основе его математической модели. 004.942 _aВычислительная математика, численный анализ и программирование (машинная математика). 519.6 _z 700 #1 _aКондратков _gАлександр Сергеевич 700 #1 _aУсачева _gТатьяна Валерьевна 856 4# _ajournals.igps.ru _u